<?xml version="1.0" encoding="UTF-8"?>
<record
    xmlns:xsi="http://www.w3.org/2001/XMLSchema-instance"
    xsi:schemaLocation="http://www.loc.gov/MARC21/slim http://www.loc.gov/standards/marcxml/schema/MARC21slim.xsd"
    xmlns="http://www.loc.gov/MARC21/slim">

  <leader>00527nam a22001817a 4500</leader>
  <controlfield tag="003">OSt</controlfield>
  <controlfield tag="005">20140310182346.0</controlfield>
  <controlfield tag="008">121115t        xxu||||| |||| 00| 0 eng d</controlfield>
  <datafield tag="020" ind1=" " ind2=" ">
    <subfield code="a">9781844281114</subfield>
  </datafield>
  <datafield tag="050" ind1=" " ind2=" ">
    <subfield code="a">PN 6720</subfield>
    <subfield code="b">.H816 2006</subfield>
  </datafield>
  <datafield tag="082" ind1=" " ind2=" ">
    <subfield code="a">FIC </subfield>
    <subfield code="b">H811 2006</subfield>
  </datafield>
  <datafield tag="100" ind1=" " ind2=" ">
    <subfield code="a">Horowitz, Anthony</subfield>
    <subfield code="9">18113</subfield>
  </datafield>
  <datafield tag="245" ind1=" " ind2=" ">
    <subfield code="a">Stormbreaker :</subfield>
    <subfield code="b">the graphic novel /</subfield>
    <subfield code="c">by Anthony Horowitz.</subfield>
  </datafield>
  <datafield tag="260" ind1=" " ind2=" ">
    <subfield code="a">United Kingdom.</subfield>
    <subfield code="b">Walker Books Ltd.</subfield>
    <subfield code="c">c2006.</subfield>
  </datafield>
  <datafield tag="300" ind1=" " ind2=" ">
    <subfield code="g">23 cm.</subfield>
    <subfield code="a">144 p.</subfield>
    <subfield code="b">ill. ; (col) ;</subfield>
  </datafield>
  <datafield tag="942" ind1=" " ind2=" ">
    <subfield code="2">lcc</subfield>
    <subfield code="c">BK-FIC</subfield>
    <subfield code="k">Fic</subfield>
  </datafield>
  <datafield tag="999" ind1=" " ind2=" ">
    <subfield code="c">12242</subfield>
    <subfield code="d">12242</subfield>
  </datafield>
  <datafield tag="952" ind1=" " ind2=" ">
    <subfield code="0">0</subfield>
    <subfield code="1">0</subfield>
    <subfield code="2">lcc</subfield>
    <subfield code="4">0</subfield>
    <subfield code="a">LUX</subfield>
    <subfield code="b">LUX</subfield>
    <subfield code="c">FIC</subfield>
    <subfield code="d">2013-09-27</subfield>
    <subfield code="l">6</subfield>
    <subfield code="o">PN 6720 .H816 2006</subfield>
    <subfield code="p">19075</subfield>
    <subfield code="r">2019-09-19 00:00:00</subfield>
    <subfield code="s">2019-09-18</subfield>
    <subfield code="t">1</subfield>
    <subfield code="w">2013-09-27</subfield>
    <subfield code="y">BK</subfield>
  </datafield>
</record>
